250107 - Quiz quotidien du 7 janvier 2025 - Statistiques

Statistiques générales
  • Ce quiz a été pris 62 fois
  • Le résultat moyen est 5 sur 10
Statistiques - réponses
Question Réponse % Correct
Quelle est la valeur la plus élevée d'un billet en euros jamais émis ? 500 €
100%
Qui est devenu, fin 2024, la première personne de l'histoire à dépasser une valeur nette de 400 milliards de dollars ? Elon Musk
100%
Quelle unité est utilisée pour mesurer le poids des pierres précieuses ? Carat
91%
Parmi ces pays, lequel a le PIB par habitant le plus élevé ? Singapour
82%
Lequel de ces pays n'utilise PAS le dollar comme monnaie ? Philippines
73%
Dans quel film trouve-t-on la réplique "Montre-moi l'argent" ? *Jerry Maguire*
36%
Quel mot signifie "gouvernement par les riches" ? Ploutocratie
27%
Le "Black Lotus" est le plus cher de son genre, coûtant jusqu'à 540 000 $. Qu'est-ce que c'est ? Une carte de *Magic: The Gathering*
18%
Combien de shillings y avait-il dans une livre britannique avant la décimalisation en 1971 ? 20
9%
Qui avait un serviteur nommé Jeeves ? Bertie Wooster
0%
Aucun quiz correspondant
Distribution des résultats
% des personnes avec chaque résultat
Percentile par nombre de réponses
Votre historique - résultats
Vous n’avez pas pris ce quiz